000
00324nam a22001457a 4500
003
SGT
020
_a
9789351451495
082
_a
346.08
_b
VER
100
_a
VERKY, ELIZABETH
245
_a
INTELLECTUAL PROPERTY
250
_a
1
260
_a
LUCKNOW
_b
EASTERN BOOK COMPANY
_c
2015
300
_a
LXIV ,632
942
_2
ddc
_c
BK
_0
24
999
_c
19785
_d
19785